| 000 | 00546nam a2200145 i 4500 | ||
|---|---|---|---|
| 001 | 184427 | ||
| 003 | ES-MaACL | ||
| 005 | 20230906222207.0 | ||
| 008 | 150825s1876 fr |||| | eng d | ||
| 245 | 0 | 0 | _aGeometry of the "Pentagonal Résau" and graphic spherodesy. |
| 260 |
_a[S.l. : _bs.n.], _c1876 ( _fImprimerie Nationale) |
||
| 300 |
_a6 p. ; _c24 cm. |
||
| 594 | _aTítulo tomado de principio del texto. | ||
| 852 |
_aES-MaACL _jT-900-F-15 _z.- Legado de Federico de Botella y de Hornos _z.- Enc. en un vol. facticio falto de la cub. original |
||
| 999 |
_c184427 _d184427 |
||